Kurzgefabtes etymologisches worterbuch des altindischen (Record no. 920798)

MARC details
000 -LEADER
fixed length control field 00786nam a2200253Ia 4500
003 - CONTROL NUMBER IDENTIFIER
control field OSt
005 - DATE AND TIME OF LATEST TRANSACTION
control field 20221002052936.0
008 - FIXED-LENGTH DATA ELEMENTS--GENERAL INFORMATION
fixed length control field 220930b |||||||| |||| 00| 0 san d
037 ## - SOURCE OF ACQUISITION
Terms of availability Reference Collections
040 ## - CATALOGING SOURCE
Original cataloging agency CRL
Transcribing agency CRL
Language of cataloging san
041 ## - LANGUAGE CODE
Source of code san
Language code of text/sound track or separate title san
100 ## - MAIN ENTRY--PERSONAL NAME
Personal name Mayrhofer Manfred
9 (RLIN) 4199
245 #0 - TITLE STATEMENT
Title Kurzgefabtes etymologisches worterbuch des altindischen
Remainder of title A concise etymological Sanskrit dictionary
260 ## - PUBLICATION, DISTRIBUTION, ETC.
Place of publication, distribution, etc. Heidelberg
Name of publisher, distributor, etc. Carl Winter
Date of publication, distribution, etc. 1980
300 ## - PHYSICAL DESCRIPTION
Extent 384p.
Dimensions cm.
500 ## - GENERAL NOTE
General note Indogermanische bibliothek
650 ## - SUBJECT ADDED ENTRY--TOPICAL TERM
Topical term or geographic name entry element LINGUISTICS
942 ## - ADDED ENTRY ELEMENTS (KOHA)
Classification part P113:4k, 15M0(RR)
Koha item type
Source of classification or shelving scheme Colon Classification (CC)

No items available.

Copyright @ Delhi University Library System